00641nam a2200181Ii 45000010005000000030009000050080041000140400033000550410008000880820019000961100053001152450106001682640092002743000012003663360026003783370028004043380027004322090CO-ViMGA241108s9999||||xx |||||||||||||| ||und|| aCO-ViMGAbspaerdacCO-ViMGA0 aspa04a398.88611 M87r1 aMuseo de Artes y Tradiciones Populares. Bogotá10aRondas, cantos y juegos tradicionales de los niños del Litoral Atlántico Colombiano [videocasete] 1a[Lugar de publicación no identificado] : Museo de Artes y Tradiciones Populares, 1990 avolumen atextbtxt2rdacontent aunmediatedbn2rdamedia avolumebnc2rdacarrier